• 首页
  • 本馆介绍
  • 公告通知
  • 最新文献
  • 馆藏检索
  • 电子资源
  • 读者导购
  • 参考咨询
  • 我的图书馆
  • 登录
  • 详细信息显示
  • 放入我的书架
  • 预约/预借图书
  • 作者相关作品
  • 分类相关作品
  • 丛书相关作品
  • 出版社相关作品

书目信息

  • 表格格式
  • 工作单格式
  • 卡片格式
题名:
李叔同谈艺术
    
 
作者: 李叔同 著 ;简宁 编
分册:  
出版信息: 北京   新世界出版社  2017.07
页数: 275页
开本: 21cm
丛书名: 思想者书系
单 册:
中图分类: J-53
科图分类:
主题词: 艺术--yi shu--文集
电子资源:
ISBN: 978-7-5104-6327-3
000 01110nam 2200289 450
001 CAL 0120172247800
005 20181203153409.17
010    @a978-7-5104-6327-3@b@dCNY32.00
100    @a20170807d2017 em y0chiy50 ea
101 0  @achi
102    @aCN@b110000
105    @aag z 000yy
106    @ar
200 1  @a李叔同谈艺术@Ali shu tong tan yi shu@f李叔同著@g简宁编
210    @a北京@c新世界出版社@d2017.07
215    @a275页@c图@d21cm
225 2  @a思想者书系@Asi xiang zhe shu xi
314    @a李叔同 (1880-1942) , 浙江平湖人, 生于天津, 法号弘一, 世称弘一法师。
330    @a本书辑录了李叔同先生对中西绘画、书法篆刻历代经典名作的赏析讲评。同时, 读者也可通过本书, 学到先生亲授的绘画与书法技法, 倾听先生论述文学与音乐的艺术。作品是大师一生文艺造诣方面的结晶和精华, 堪称后学者的指南性及入门性作品。内容包括: 浅谈书法 ; 浅谈篆刻 ; 浅谈绘画等。
410  0 @12001 @a思想者书系
606 0  @a艺术@Ayi shu@j文集
690    @aJ-53@v5
701  0 @a李叔同@Ali shu tong@4著
702  0 @a简宁@Ajian ning@4编
801  0 @aCN@b人天书店@c20170807@g
905    @aBZT@dJ-53@e3
906    @dCNY32.00@n3@r1
    
    李叔同谈艺术/李叔同著/简宁编.-北京:新世界出版社,2017.07
    275页:图;21cm.-(思想者书系)
    
    
    ISBN 978-7-5104-6327-3:CNY32.00
    本书辑录了李叔同先生对中西绘画、书法篆刻历代经典名作的赏析讲评。同时, 读者也可通过本书, 学到先生亲授的绘画与书法技法, 倾听先生论述文学与音乐的艺术。作品是大师一生文艺造诣方面的结晶和精华, 堪称后学者的指南性及入门性作品。内容包括: 浅谈书法 ; 浅谈篆刻 ; 浅谈绘画等。
●
相关链接 在五车中查询图书 在当当中查询图书 在豆瓣中查询图书


正题名:李叔同谈艺术     索取号:J-53/3         预约/预借

序号 登录号 条形码 馆藏地/架位号 状态 备注
1 848945   2000848945   第二书库/ [索取号:J-53/3] 在馆    
2 848946   2000848946   第二书库/ [索取号:J-53/3] 在馆    
3 848947   2000848947   第二书库/ [索取号:J-53/3] 在馆    
山东省滨州职业学院图书馆 欢迎您!
大连网信软件有限公司© 版权所有